000 00507nam a2200181Ia 4500
005 20250508152858.0
008 008 250505s9999 xx 000 0 eng d
037 _aTextual
040 _aFEDL
_beng
_cFEDL
041 _aeng
_2eng
084 _a378.13, CAR
_qFEDL
100 _aCarr-Saunders A M
_9346079
245 0 _aNew universities overseas
260 _aLondon, UK
_bGeorge Allen and Unwin Ltd.
_c1961
300 _a260p.
942 _cTEXL
_h378.13, CAR
999 _c1339358
_d1339358